Joueurs par anciens clubs - Statistiques

Statistiques générales
  • Ce quiz a été pris 301 fois
  • Le résultat moyen est 12 sur 20
Statistiques - réponses
Anciens clubs Joueur % Correct
Stade Rennais > Borussia Dortmund > FC Barcelone > PSG Ousmane Dembélé
93%
Santos > FC Barcelone > PSG > Al Hilal Neymar Jr
90%
Olympique Lyonnais > Arsenal > Olympique Lyonnais Alexandre Lacazette
85%
Olympique Lyonnais > Real Madrid > Al Ittihad Karim Benzema
82%
SM Caen > AS Monaco > Atlético Madrid Thomas Lemar
77%
Schalke 04 > Manchester City > Bayern Munich Leroy Sané
75%
Manchester United > Juventus > Manchester United > Juventus Paul Pogba
75%
Instituto de Córdoba > US Palerme > Juventus > AS Rome Paulo Dybala
74%
VFB Stuttgart > RB Leipzig > Chelsea > RB Leipzig > Tottenham Timo Werner
65%
FC Barcelone > Al Sadd > Retraite Xavi
64%
FC Porto > Wolverhampton > Al Hilal Ruben Neves
60%
Vancouver Whitecaps > Bayern Munich AlphonsoDavies
59%
FC Bâle > Schalke 04 > Séville FC > FC Barcelone > Séville FC > Al-Shabab > Hajduk Split Ivan Rakitić
59%
Indepediente > Atlético Madrid > Manchester City > FC Barcelone > Retraite Sergio Agüero
51%
Ajax > Tottenham > Inter Milan > Brentford > Manchester United Christian Eriksen
49%
FC Hombourg > FC Kaiserslautern > Werder Brême > Bayern Munich > Lazio Rome > Retraite Miroslav Klose
43%
Slovan Bratislava > Brescia > Napoli > Dalian Yifang > Göteborg > Trabzonspor > Retraite Marek Hamsik
39%
Valenciennes > Club Bruges > Olympique de Marseille > AC Milan > Bayern Munich > Girondins de Bordeaux > EA Guingamp > JS Saint-Pierroise > US Lège-Cap Ferret > Retraite Jean-Pierre Papin
35%
PSV > Tottenham > Ajax Steven Bergwijn
26%
Padoue > Juventus > Sydney FC > Delhi Dynamos > Retraite Alessandro Del Piero
24%
Aucun quiz correspondant
Distribution des résultats
% des personnes avec chaque résultat
Percentile par nombre de réponses
Votre historique - résultats
Vous n’avez pas pris ce quiz